10 Most Popular Ethnic Foods in the United States - Statistics

General Stats
  • This quiz has been taken 618 times
  • The average score is 8 of 10
Answer Stats
Rank Cuisine % Correct
1 Chinese
99%
4 Japanese
96%
2 Mexican
96%
3 Italian
94%
6 French
89%
9 Indian
87%
8 Spanish
76%
7 Thai
74%
5 Greek
68%
10 Mediterranean
16%
No matching quizzes found
Score Distribution
Percent of People with Each Score
Percentile by Number Answered
Your Score History
You have not taken this quiz